000 00812cas a2200229 a 4500
022 _a0014-8059
040 _cCOO
082 _a630 FAR 2007 C163 Or.
245 0 0 _aFarm management
246 1 _aJournal of farm management
260 _aKenilworth, Warwickshire, Eng. :
_bFarm Management Association
_c2007
300 _av. :
_bill. ;
_c22-25 cm
500 _aPlace of publication varies
500 _aDescription based on: Vol. 2, no. 2 (spring 1972); title from cover
500 _aLatest issue consulted: Vol. 12, no. 1 (July 2004)
650 0 _aFarm management
650 0 _aFarm management
710 2 _aFarm Management Association (Great Britain)
710 2 _aCentre of Management in Agriculture (Great Britain)
710 2 _aInstitute of Agricultural Management (Great Britain)
942 _cEK
999 _c19183
_d19183